Estrategias para mejorar el rendimiento de cereales graníferos invernales en la región semiárida pampeana central /

Guardado en:
Otros Autores: Fernández, Miguel Ángel. (Disertante), Brevedan, Roberto Eric, 1936- (Orientador)
Formato: Manuscrito
Idioma:Spanish
Publicado: 2007.
Materias:
Etiquetas: Agregar Etiqueta
Sin Etiquetas, Sea el primero en etiquetar este registro!
LEADER 01124ntm a22002535a 4500
001 EEA.libagro009365
005 20160630090536.0
008 071217s2007####ag#a#####bm###000#0#spa#d
082 0 4 |a 040  |2 15 
100 1 |a Fernández, Miguel Ángel.  |4 dis 
245 1 0 |a Estrategias para mejorar el rendimiento de cereales graníferos invernales en la región semiárida pampeana central /  |c Miguel Ángel Fernández. 
260 |c 2007. 
300 |a xxii, 137 p. :  |b il. ;  |c 30 cm. 
500 |a "Tesis presentada para optar al grado de magíster en ciencias agrarias". 
500 |a Director de tesis: Roberto Eric Brevedan. 
502 |a Tesis (magíster)--Universidad Nacional del Sur. Departamento de Agronomía, 2007. 
504 |a Incluye referencias bibliográficas (p. 124-137). 
650 7 |a Cereales.  |2 unbist 
650 7 |a Sistemas de cultivo.  |2 unbist 
650 7 |a Cultivo en tierras áridas.  |2 unbist 
651 7 |a Argentina.  |2 unbist 
700 1 |a Brevedan, Roberto Eric,  |d 1936-  |4 ths 
710 2 |a Universidad Nacional del Sur.  |b Departamento de Agronomía  |4 dgg. 
859 |a AR-BbBCA  |b BIB. AGRONOMIA  |h 040  |i B148 2007-814  |p 118541/007